000 00781nam0a2200253 4500
001 RU\NLR\ONL1\14887
005 20250613122200.0
035 _a(NLR Aleph) 009643628
090 _a9556513
_c9556513
100 _a20090729d1977 |||y0rusy50 ca
101 0 _amyv
102 _aRU
105 _ay |||||||||
200 1 _aСиянь пей
_eёвкс
_fМихаил Втулкин
210 _aСаранск
_cМорд. кн. изд-вась
_d1977
215 _a7 с.
_d20
541 1 _aСеребряный зуб
_eсказка
_zrus
686 1 _aШ9(2)6=Морд-2
700 1 _aВтулкин
_bМ. А.
_gМихаил Александрович
_4070
801 0 _aRU
_bNLR
_c20090729
_gPSBO
852 _aNLR
_bОНЛ
_jМорд.э./2-2382
942 _cBOOK
980 _aNB